| 000 | 01778cab a2200229 i 4500 | ||
|---|---|---|---|
| 001 | 768714001 | ||
| 003 | CO-MdFUSB | ||
| 005 | 20230112105353.0 | ||
| 008 | 161108s1999 gt ||||| |||| 00| 0 spa d | ||
| 022 | _a1014-9341 | ||
| 040 |
_aCO-MdFUSB _bspa _cCO-MdFUSB _dCO-MdFUSB |
||
| 041 | _aspa | ||
| 100 | 1 |
_aBlomberg, Craig L. _eautor |
|
| 245 | 0 | 0 |
_aLas posesiones materiales en el cristianismo primitivo _c/ Craig L. Blomberg |
| 300 |
_aNúmero 25 (Julio - Diciembre, 1999), páginas 7-28 _c; 22 cm |
||
| 520 | _aEl modelo comunitario de Hechos 2:42 – 47 y 4:32 – 5:11, según el cual los cristianos tenían todas las cosas en común, no se vuelve a mencionar en el resto del Nuevo Testamento, pero se propone en el relato sobre la distribución diaria a las viudas en Hechos 6:1-6, y la preocupación por socorrer a los pobres continúa a lo largo del libro, aun cuando el cristianismo ha alcanzado a personas de las clases media y alta. Santiago llama a los pocos ricos que están entre sus destinatarios a reconocer que sus riquezas son temporales, no aceptar favoritismos y dejar lugar a la voluntad soberana de Dios. A la mayoría pobre de su comunidad, les exhorta a esperar la reivindicación divina. La comunidad entera debe cuidar a sus más necesitados. El que rehúsa ayudar a los destituidos demuestra que no es realmente cristiano. Se debe denunciar la injusticia social siempre, aun cuando su abolición completa aguarda el retorno de Cristo. | ||
| 546 | _aTexto en Español | ||
| 650 | 7 |
_aIglesia _xHistoria _y(Iglesia primitiva), _9659 |
|
| 773 | 0 |
_tKairós _049489 _961198 _gNúmero 25 (Julio - Diciembre, 1999), páginas 7-28 _qPágina 7 |
|
| 773 | 0 |
_tKairós _049489 _981314 _gNúmero 25 (Julio - Diciembre, 1999), páginas 7-28 _qPágina 7 |
|
| 942 | _cANA | ||
| 999 |
_c51225 _d51225 |
||